00345pab a2200109 454500008004000000100002400040245010500064260000900169300001400178650001800192773002500210180718b2006 xxu||||| |||| 00| 0 eng d aNielsen, Richard P. aIntroduction to the special issue. In search of organizational virtue: moral agency in organizations c2006 ap.317-21. aOrganizations aOrganization Studies